Adivina la canción de Carolina Durante por la letra - Estadísticas

Estadísticas generales
  • Esta prueba ha sido intentada 47 veces
  • La puntuación promedio es 11 de 20
Estadísticas de respuestas
Hint Respuesta % Correcto
Lloraría si vieses mi cerebro por dentro,Hola,hola,hola,hola destrucción Hamburguesas
85%
Pero estaría mucho mejor,si no hubieses pasado ni un segundo por mi vida ni a mirar Normal
80%
Lo bebo solo,lo bebo con gente,y tambien con mono,Americano,Italiano TOMÉ CAFÉ
75%
Pero ahora que lo pienso,también sería algo aburrida Las Canciones De Juanita
73%
Llevabas un vestido azul marino,que se morían los peces al pasar por el río Misil
73%
Este bisturí no corta,y a veces debería cortarme un poco Probablemente Tengas Razón
73%
Si siento alegría,palazo y al hoyo te digo,(título de la canción) es mi rollo Joderse La Vida
68%
Morat,Taburete,qué grupazos; En sus conciertos como lo pasamos Cayetano
65%
Recuerda volver a tiempo,vuelve mientras sea joven Tempo 2
60%
Y si en la noche no puedo dormir,y cuento hasta 1000 segundos Elige Tu Propia Aventura
58%
Y una vez le pedí un deseo,y es que si te fueses no fuese un infierno,pero mis deseos nunca se cumplen Verdes,Césped
50%
Pilla un gramo de farl*pa,porque hay que invitar,ah Famoso en Tres Calles
48%
La luz del día como adversario,cuatro días hace que no duerme Granja Escuela
40%
No se habla en Twitter de otra cosa,Iker Jiménez está como loco Monstruo
40%
Lo dijiste medio de coña, no lo dijiste del todo enserio San Juan
40%
Cuantas veces te mentí,diciendo que estaría siempre junto a ti? Interludio
38%
Así que no me seas perra,o ladra pa' otro lado Aaaaaa#$!&
35%
Soy dueño de mi destino,necesitaba un respiro Dios Plan
33%
Gobierno recomienda una escucha prudente,uno de cada 200 años Tu Nuevo Grupo Favorito
30%
Ciudadano asesina a su amor del futuro verano,dice ultimamente estar muy concienciado Moreno de Contrabando
20%
No se encontraron pruebas coincidentes
Distribución de puntuación
Porcentaje de gente con cada puntuación
Porcentaje por número respondido
Historial de tus puntuaciones
No has intentado esta prueba.